000 00548nam a2200193Ia 4500
008 131103s9999 xx 000 0 und d
040 _aLoreto College
041 _aEnglish
082 _a821.8/ARN-SCH
_bLCLIB/45675
100 _aSchneider, Mary W.
245 _aPoetry in the age of democracy
_cMary W. Schneider
260 _aKansas
_bUniversity press of kansas
_c1989
300 _a228p.
_c 22cm.
504 _aIncludes index
650 _aEnglish Literature
700 _aArnold, Matthew
850 _aLCLIB/821.8/ARN-SCH
942 _cBK
999 _c35892
_d86371